000 00307nam a2200121Ia 4500
008 250224s9999 xx 000 0 und d
020 _a9781853158001
082 _a616.0757MCW
100 _aMCWilliams Sarah
245 0 _aPractical Radiological Anatomy
942 _cBK
999 _c476986
_d476986